[Event "Groningen Open A"]
[Site "Groningen NED"]
[Date "2012.12.27"]
[Round "6.45"]
[White "Gieben, Stijn"]
[Black "Kevlishvili, Robby"]
[Result "0-1"]
[WhiteElo "2048"]
[BlackElo "1941"]
[WhiteFideId "1034170"]
[BlackFideId "1040634"]
[EventDate "2012.12.21"]

1. e4 c5 2. Nc3 d6 3. f4 g6 4. Nf3 Bg7 5. g3 Nc6 6. Bg2 e6 7. O-O Nge7 8. d3 O-O
9. Be3 Nd4 10. Qd2 Rb8 11. e5 Nxf3+ 12. Bxf3 Nf5 13. Kh1 Nd4 14. exd6 Nxf3 15.
Rxf3 b6 16. Kg1 Bb7 17. Rf2 Qxd6 18. Re1 Rfd8 19. h3 h5 20. Kh2 Qc6 21. b3 b5
22. Ne4 c4 23. Bxa7 Ra8 24. Qe3 Rxa7 25. Qxa7 Bd4 26. Qa5 Ra8 27. Qd2 Bxf2 28.
Qxf2 Rxa2 29. Re2 cxb3 30. Qd4 e5 31. Qxe5 Rxc2 32. Nf6+ Qxf6 33. Qxf6 Rxe2+ 34.
Kg1 b2 35. Qd8+ Kh7 0-1

[Event "Groningen Open A"]
[Site "Groningen NED"]
[Date "2012.12.28"]
[Round "7.3"]
[White "Ernst, Sipke"]
[Black "Pancevski, Filip"]
[Result "1/2-1/2"]
[WhiteTitle "GM"]
[BlackTitle "IM"]
[WhiteElo "2562"]
[BlackElo "2512"]
[WhiteFideId "1004689"]
[BlackFideId "15002187"]
[EventDate "2012.12.21"]

1. d4 d6 2. Nf3 g6 3. c4 Bg7 4. Nc3 e5 5. e4 Nc6 6. dxe5 Nxe5 7. Be2 Nxf3+ 8.
Bxf3 Ne7 9. Bg5 f6 10. Be3 O-O 11. c5 f5 12. cxd6 cxd6 13. Qd2 Be6 14. O-O Be5
15. exf5 Nxf5 16. Bg4 Qe7 17. Bxf5 Bxf5 18. Bd4 Qg7 19. Rad1 a6 20. f4 Bxd4+ 21.
Qxd4 Qxd4+ 22. Rxd4 Rad8 23. Rfd1 Rf6 24. Kf2 h5 25. R1d2 Re6 26. Nd5 Kf7 27.
Rc4 Re4 28. Rc3 Rc8 29. Rxc8 Bxc8 30. g3 Bd7 31. Nc3 Re6 32. Ne2 Ke7 33. Nd4 Re4
34. Re2 Bf5 35. Rxe4+ Bxe4 36. Ke3 Bb1 37. a3 Kf6 38. Nb3 Ba2 39. Nd2 Bd5 40.
Kd4 Bg2 41. Nc4 Ke6 42. Ne3 Bc6 43. h3 Ke7 44. f5 g5 45. Nd5+ Kf7 46. Nc3 h4 47.
g4 Bg2 48. Ne4 d5 49. Kxd5 Kf8 50. Ke5 Bxh3 51. Nxg5 Bxg4 52. Kf4 h3 53. Ne4 h2
54. Nf2 Bh3 55. Ke4 1/2-1/2

[Event "Groningen Open A"]
[Site "Groningen NED"]
[Date "2012.12.28"]
[Round "7.4"]
[White "Van Kampen, Robin"]
[Black "Deviatkin, Andrei"]
[Result "1/2-1/2"]
[WhiteTitle "GM"]
[BlackTitle "GM"]
[WhiteElo "2570"]
[BlackElo "2569"]
[WhiteFideId "1020854"]
[BlackFideId "4121260"]
[EventDate "2012.12.21"]

1. e4 e5 2. Nf3 Nc6 3. Bb5 Nf6 4. O-O Nxe4 5. Re1 Nd6 6. Nxe5 Be7 7. Bf1 Nxe5 8.
Rxe5 O-O 9. d4 Bf6 10. Re1 Re8 11. Bf4 Rxe1 12. Qxe1 Ne8 13. Nc3 d6 14. Bd3 g6
15. Qe3 Ng7 16. d5 Bf5 17. Re1 1/2-1/2

[Event "Groningen Open A"]
[Site "Groningen NED"]
[Date "2012.12.28"]
[Round "7.7"]
[White "Gormally, Daniel W"]
[Black "Donchenko, Alexander"]
[Result "1-0"]
[WhiteTitle "GM"]
[BlackTitle "IM"]
[WhiteElo "2495"]
[BlackElo "2401"]
[WhiteFideId "406465"]
[BlackFideId "24603295"]
[EventDate "2012.12.21"]

1. e4 c5 2. Nf3 d6 3. d4 cxd4 4. Nxd4 Nf6 5. Nc3 a6 6. Bc4 e6 7. O-O b5 8. Bb3
Qb6 9. Be3 Qb7 10. f3 Be7 11. g4 b4 12. Nce2 Nbd7 13. Ba4 Qc7 14. c3 b3 15. Ng3
h6 16. axb3 Bb7 17. b4 O-O 18. g5 hxg5 19. Bxg5 Nb6 20. Qe2 Nxa4 21. Rxa4 Rac8
22. f4 Rcd8 23. Rf2 Qb6 24. Nh5 Rfe8 25. Bxf6 Bxf6 26. Nxf6+ gxf6 27. Qe3 Qc7
28. f5 e5 29. Qh6 Bxe4 30. Ne2 Qd7 31. b5 Bxf5 32. Rh4 1-0

[Event "Groningen Open A"]
[Site "Groningen NED"]
[Date "2012.12.28"]
[Round "7.13"]
[White "Brunello, Sabino"]
[Black "Mammadova, Gulnar"]
[Result "1/2-1/2"]
[WhiteTitle "GM"]
[BlackTitle "WGM"]
[WhiteElo "2583"]
[BlackElo "2363"]
[WhiteFideId "813613"]
[BlackFideId "13403508"]
[EventDate "2012.12.21"]

1. f4 d5 2. Nf3 Nf6 3. e3 c5 4. b3 g6 5. Bb2 Bg7 6. Be2 Nc6 7. O-O O-O 8. Ne5
Qc7 9. d3 Bd7 10. Nxc6 Bxc6 1/2-1/2

[Event "Groningen Open A"]
[Site "Groningen NED"]
[Date "2012.12.28"]
[Round "7.17"]
[White "Wallace, John Paul"]
[Black "Bosker, Peter"]
[Result "1-0"]
[WhiteTitle "IM"]
[WhiteElo "2398"]
[BlackElo "2170"]
[WhiteFideId "3200957"]
[BlackFideId "1024655"]
[EventDate "2012.12.21"]

1. d4 Nf6 2. c4 c5 3. d5 b5 4. cxb5 a6 5. bxa6 d6 6. e4 Bxa6 7. Bxa6 Rxa6 8. Nc3
g6 9. Nf3 Nbd7 10. Qe2 Qb6 11. O-O Bg7 12. e5 dxe5 13. Nxe5 Nxe5 14. Qxe5 O-O
15. Qe2 Rb8 16. Bf4 Rb7 17. Rac1 Ra8 18. b3 Rc8 19. Rfd1 Ne8 20. Na4 Qb5 21.
Qxb5 Rxb5 22. Be3 c4 23. bxc4 Rb4 24. Nb6 Rb8 25. c5 1-0

[Event "Groningen Open A"]
[Site "Groningen NED"]
[Date "2012.12.28"]
[Round "7.19"]
[White "Naroditsky, Daniel"]
[Black "Mostertman, Milan"]
[Result "1-0"]
[WhiteTitle "IM"]
[WhiteElo "2483"]
[BlackElo "2250"]
[WhiteFideId "2026961"]
[BlackFideId "1025848"]
[EventDate "2012.12.21"]

1. g3 d5 2. Bg2 Nf6 3. Nf3 e6 4. O-O Be7 5. d3 O-O 6. Nbd2 c5 7. e4 Nc6 8. Re1
b5 9. e5 Nd7 10. Nf1 a5 11. h4 b4 12. Bf4 Ba6 13. N1h2 Rc8 14. Bh3 Qb6 15. Ng5
Bxg5 16. hxg5 c4 17. dxc4 dxc4 18. Qh5 Nd4 19. Be3 Bb7 20. Bxd4 Qxd4 21. Rad1
Qb6 22. Rxd7 Qc6 23. Rxb7 Qxb7 24. Bg2 Qd7 25. Be4 g6 26. Qh6 Qd2 27. Nf3 Qd7
28. Kg2 b3 29. Rh1 f5 30. exf6 bxa2 31. Ne5 Qd4 32. Qg7# 1-0

[Event "Groningen Open A"]
[Site "Groningen NED"]
[Date "2012.12.28"]
[Round "7.23"]
[White "Berkovich, Mark A"]
[Black "Schoehuijs, Erik"]
[Result "1-0"]
[WhiteTitle "IM"]
[WhiteElo "2359"]
[BlackElo "2160"]
[WhiteFideId "2801639"]
[BlackFideId "1004425"]
[EventDate "2012.12.21"]

1. Nf3 Nf6 2. d4 d5 3. g3 g6 4. Bg2 Bg7 5. O-O O-O 6. c4 c6 7. cxd5 cxd5 8. Nc3
Nc6 9. Ne5 e6 10. Nxc6 bxc6 11. Bf4 Nd7 12. Na4 e5 13. dxe5 Nxe5 14. Rc1 Bd7 15.
Nc5 Re8 16. b3 a5 17. Qd2 Bg4 18. h3 Bc8 19. Rfd1 Nd7 20. Nxd7 Bxd7 21. e4 d4
22. e5 Bxe5 23. Bxe5 Rxe5 24. Qxd4 Qe7 25. Qxd7 Re1+ 26. Rxe1 Qxd7 27. Bxc6 Qa7
28. Bxa8 Qxa8 29. Re7 Qd8 30. Rcc7 Qd1+ 31. Kh2 Qd2 32. Rxf7 Qxa2 33. Rg7+ Kh8
34. Rxh7+ Kg8 35. Rhg7+ Kf8 36. Rgf7+ Ke8 37. Rce7+ Kd8 38. Rb7 Kc8 39. Kg2 Qb1
40. Ra7 Qe4+ 41. Kh2 Kb8 42. Rae7 1-0

[Event "Groningen Open A"]
[Site "Groningen NED"]
[Date "2012.12.28"]
[Round "7.35"]
[White "Dijkhuis, Tycho"]
[Black "Calzetta Ruiz, Monica"]
[Result "0-1"]
[BlackTitle "WGM"]
[WhiteElo "2062"]
[BlackElo "2286"]
[WhiteFideId "1036564"]
[BlackFideId "2204185"]
[EventDate "2012.12.21"]

1. e4 c5 2. Nf3 d6 3. d4 cxd4 4. Nxd4 Nf6 5. Nc3 g6 6. Be3 Bg7 7. f3 Nc6 8. Qd2
O-O 9. Bc4 Nd7 10. O-O-O Nb6 11. Bb3 Na5 12. Qd3 Bd7 13. h4 Rc8 14. h5 Nbc4 15.
Bg5 h6 16. Bh4 g5 17. Bg3 b5 18. f4 gxf4 19. Bh4 Re8 20. Nd5 Nc6 21. Bxc4 bxc4
22. Nxc6 cxd3 23. Nxd8 Rxc2+ 24. Kb1 Rxb2+ 25. Kc1 Rc2+ 26. Kb1 Rxd8 27. Nxe7+
Kh7 28. Rxd3 Ba4 0-1

[Event "Groningen Open A"]
[Site "Groningen NED"]
[Date "2012.12.28"]
[Round "7.38"]
[White "Go, Benjamin"]
[Black "Richters, Marc"]
[Result "1-0"]
[WhiteElo "2168"]
[BlackElo "2075"]
[WhiteFideId "1014560"]
[BlackFideId "24612332"]
[EventDate "2012.12.21"]

1. e4 c5 2. Nf3 d6 3. b4 Nf6 4. bxc5 Nxe4 5. cxd6 Qb6 6. d4 Bg4 7. Bd3 Nxd6 8.
O-O Nc6 9. Be3 Nb4 10. Be2 Qc7 11. c4 Nc6 12. d5 Bxf3 13. gxf3 Ne5 14. c5 Nf5
15. Qa4+ Kd8 16. Bf4 g5 17. d6 Qc6 18. Qa5+ b6 19. cxb6 axb6 20. Qxe5 Bg7 21.
dxe7+ Nxe7 22. Qxg7 Rg8 23. Qd4+ Ke8 24. Be3 Rd8 25. Qxb6 1-0

[Event "Groningen Open A"]
[Site "Groningen NED"]
[Date "2012.12.28"]
[Round "7.41"]
[White "Gerlagh, Joris"]
[Black "Beerdsen, Thomas"]
[Result "1/2-1/2"]
[WhiteElo "1925"]
[BlackElo "2076"]
[WhiteFideId "1038834"]
[BlackFideId "1030108"]
[EventDate "2012.12.21"]

1. d4 d5 2. c4 c6 3. Nc3 Nf6 4. Nf3 e6 5. Bg5 h6 6. Bxf6 Qxf6 7. e3 g6 8. e4
dxe4 9. Nxe4 Bb4+ 10. Ke2 Qe7 11. g3 O-O 12. a3 Ba5 13. Bg2 Nd7 14. b4 Bc7 15.
Re1 a5 16. Kf1 Nf6 17. Qc1 Kg7 18. Nxf6 Qxf6 19. Ne5 Rd8 20. Qc3 axb4 21. axb4
Rxa1 22. Qxa1 Bxe5 1/2-1/2

[Event "Groningen Open A"]
[Site "Groningen NED"]
[Date "2012.12.28"]
[Round "7.42"]
[White "Brookes, Christopher"]
[Black "Van der Auweraert, Elwin"]
[Result "1-0"]
[WhiteElo "2163"]
[BlackElo "2126"]
[WhiteFideId "4669355"]
[BlackFideId "1029568"]
[EventDate "2012.12.21"]

1. e4 c5 2. Nc3 d6 3. Nf3 Nf6 4. d4 cxd4 5. Nxd4 a6 6. h3 e6 7. g4 d5 8. exd5
Nxd5 9. Bd2 Bb4 10. Bg2 Nxc3 11. bxc3 Bd6 12. O-O O-O 13. Rb1 Qc7 14. f4 Nd7 15.
Qf3 Rb8 16. Qf2 b5 17. f5 e5 18. Nf3 Nb6 19. f6 Bc5 20. Be3 Bxe3 21. Qxe3 Nc4
22. Qg5 Qb6+ 23. Nd4 Qxf6 24. Rxf6 exd4 25. Rxf7 Rxf7 26. Qd8+ 1-0

[Event "Groningen Open A"]
[Site "Groningen NED"]
[Date "2012.12.29"]
[Round "8.3"]
[White "Pancevski, Filip"]
[Black "Van Kampen, Robin"]
[Result "0-1"]
[WhiteTitle "IM"]
[BlackTitle "GM"]
[WhiteElo "2512"]
[BlackElo "2570"]
[WhiteFideId "15002187"]
[BlackFideId "1020854"]
[EventDate "2012.12.21"]

1. e4 c5 2. Ne2 Nf6 3. Nbc3 d6 4. h3 Nc6 5. g4 d5 6. exd5 Nxd5 7. Bg2 Nxc3 8.
Nxc3 e6 9. d3 Be7 10. Be3 Bd7 11. O-O O-O 12. Qd2 Nd4 13. f4 Bc6 14. f5 Qc7 15.
Qf2 Bxg2 16. Qxg2 Nxc2 17. Bf4 e5 18. Nd5 Qd6 19. f6 Bxf6 20. Nxf6+ gxf6 21.
Bxe5 fxe5 22. Qxc2 Qd4+ 23. Kg2 Rac8 24. Rae1 Rfd8 25. Rf3 Rc6 26. Re4 Qd5 27.
b3 Rcd6 28. Qe2 f6 29. g5 Rf8 30. Kh2 Qc6 31. gxf6 Rdxf6 32. Rg4+ Kh8 33. Rxf6
Qxf6 34. Kg2 b6 35. Re4 Rg8+ 36. Kh2 Rg5 37. a3 Rf5 38. Kg2 Rg5+ 39. Kh2 Rf5 40.
Kg2 a5 41. b4 Rg5+ 42. Kh2 cxb4 43. axb4 a4 44. b5 a3 45. Ra4 Rg8 46. h4 a2 0-1

[Event "Groningen Open A"]
[Site "Groningen NED"]
[Date "2012.12.29"]
[Round "8.4"]
[White "Deviatkin, Andrei"]
[Black "Barua, Dibyendu"]
[Result "1-0"]
[WhiteTitle "GM"]
[BlackTitle "GM"]
[WhiteElo "2569"]
[BlackElo "2410"]
[WhiteFideId "4121260"]
[BlackFideId "5000025"]
[EventDate "2012.12.21"]

1. d4 d5 2. Bf4 c6 3. e3 Bf5 4. c4 dxc4 5. Bxc4 e6 6. Nc3 Nf6 7. Nf3 Nd5 8. Bg3
Qa5 9. Qb3 Qb4 10. O-O Nb6 11. e4 Bg6 12. Be2 Qxb3 13. axb3 N8d7 14. d5 Bh5 15.
dxc6 bxc6 16. Nd4 Bxe2 17. Ncxe2 Nc5 18. Nc3 a6 19. Rfd1 Rc8 20. Kf1 Be7 21. b4
Ncd7 22. Rxa6 O-O 23. Nxc6 Rxc6 24. Rxd7 Nxd7 25. Rxc6 Bxb4 26. Rc4 Be7 27. Rc7
Rd8 28. Ke2 Kf8 29. Rb7 f6 30. f3 Ne5 31. Bxe5 fxe5 32. Nd1 Rc8 33. Ne3 Rc1 34.
Kd3 Bc5 35. Nc4 Rd1+ 36. Ke2 Rg1 37. Nxe5 Rxg2+ 38. Kd3 Bd6 39. Nd7+ Ke8 40. e5
Be7 41. Nb8 h5 42. Nc6 Bc5 43. b4 Bg1 44. h3 h4 45. b5 Rg3 46. Ke4 Bc5 47. Nd4
Bxd4 48. Kxd4 Rxf3 49. Rxg7 Kf8 50. Rh7 Rb3 51. Kc4 Ke8 1-0

[Event "Groningen Open A"]
[Site "Groningen NED"]
[Date "2012.12.29"]
[Round "8.6"]
[White "Roy Chowdhury, Saptarshi"]
[Black "Gormally, Daniel W"]
[Result "0-1"]
[WhiteTitle "IM"]
[BlackTitle "GM"]
[WhiteElo "2441"]
[BlackElo "2495"]
[WhiteFideId "5002974"]
[BlackFideId "406465"]
[EventDate "2012.12.21"]

1. e4 c5 2. Nf3 d6 3. c3 Nf6 4. Be2 Bd7 5. d3 Nc6 6. O-O g6 7. Re1 Bg7 8. Nbd2
O-O 9. Nf1 b5 10. Ng3 b4 11. cxb4 Nxb4 12. Bd2 Qb6 13. Bc3 Nc6 14. Nd2 Nd4 15.
Nc4 Qc7 16. Rc1 Be6 17. Bxd4 cxd4 18. Qd2 Rab8 19. Bd1 Nd7 20. Ne2 Bxc4 21. Rxc4
Qb6 22. Bb3 Nc5 23. Nc1 a5 24. Rc2 a4 25. Bc4 e6 26. Ne2 Qb4 27. Qxb4 Rxb4 28.
Rd1 Rfb8 29. Rdd2 a3 30. bxa3 Rb1+ 31. Nc1 R8b2 0-1

[Event "Groningen Open A"]
[Site "Groningen NED"]
[Date "2012.12.29"]
[Round "8.12"]
[White "Burg, Twan"]
[Black "Mammadova, Gulnar"]
[Result "0-1"]
[WhiteTitle "IM"]
[BlackTitle "WGM"]
[WhiteElo "2498"]
[BlackElo "2363"]
[WhiteFideId "1010697"]
[BlackFideId "13403508"]
[EventDate "2012.12.21"]

1. e4 e6 2. d4 d5 3. Nc3 Bb4 4. exd5 exd5 5. Bd3 Nf6 6. Ne2 O-O 7. O-O Nc6 8.
Bg5 Be7 9. Re1 Ng4 10. Bxe7 Nxe7 11. Ng3 c6 12. Qd2 Ng6 13. h3 Nh6 14. Nce2 Qh4
15. Rf1 Ne7 16. f4 Nef5 17. Rf3 Nxg3 18. Nxg3 Qf6 19. c3 Bf5 20. Nxf5 Nxf5 21.
Qc2 Nh4 22. Rf2 Ng6 23. f5 Ne7 24. Re1 Nc8 25. Re5 Nd6 26. Qd2 Rae8 27. Qe2 h6
28. a3 a5 29. g3 b5 30. Kh2 Rb8 31. h4 b4 32. axb4 axb4 33. Kh3 bxc3 34. bxc3
Rb3 35. Qd2 h5 36. Rfe2 Rfb8 37. Re1 Rb2 38. Qg5 Qxg5 39. hxg5 Rd2 40. R5e3 Rbb2
41. R1e2 Rxd3 0-1

[Event "Groningen Open A"]
[Site "Groningen NED"]
[Date "2012.12.29"]
[Round "8.14"]
[White "Plat, Vojtech"]
[Black "Eggleston, David J"]
[Result "1/2-1/2"]
[WhiteTitle "IM"]
[BlackTitle "FM"]
[WhiteElo "2483"]
[BlackElo "2352"]
[WhiteFideId "325740"]
[BlackFideId "412120"]
[EventDate "2012.12.21"]

1. e4 c5 2. Nf3 d6 3. d4 Nf6 4. Nc3 cxd4 5. Qxd4 a6 6. e5 Nc6 7. Qa4 dxe5 8.
Nxe5 Bd7 9. Nxd7 Qxd7 10. Be3 e6 11. Rd1 Qc8 12. Ne4 Nd5 13. Bg5 f5 14. Ng3 Bc5
15. Qc4 Ba7 16. Nxf5 O-O 17. Ne3 h6 18. Bxh6 gxh6 19. Qg4+ Kh8 20. Qh4 Qc7 21.
Qxh6+ Qh7 22. Qxh7+ Kxh7 23. Ng4 Rf4 24. f3 Kg7 25. c3 Rd8 26. Bd3 b5 27. Be4 b4
28. c4 Nde7 29. Rxd8 Nxd8 30. Ne5 Bd4 31. Nd3 Rf8 32. Nxb4 Bxb2 33. Nxa6 Ndc6
34. Nc5 Kf7 35. Nb3 Ra8 36. O-O Rxa2 37. Rf2 Bd4 38. Nxd4 Ra1+ 39. Rf1 Rxf1+ 40.
Kxf1 Nxd4 41. Kf2 Nb3 42. Ke3 e5 43. h4 Nc5 44. g4 Nc8 45. Bd5+ Kf6 46. f4 Nd6
47. f5 Nxf5+ 48. gxf5 Kxf5 49. Bf3 Ne6 50. h5 Nc5 51. Kd2 Ne6 52. Kc3 Nc5 53.
Be2 Ne6 54. Bd1 Nc5 55. Kb4 Nd3+ 56. Kb5 e4 57. Be2 Kg5 58. Ka6 Ne5 59. c5 Nd7
60. c6 Nb8+ 61. Kb7 Nxc6 62. Kxc6 1/2-1/2

[Event "Groningen Open A"]
[Site "Groningen NED"]
[Date "2012.12.29"]
[Round "8.15"]
[White "Nestorovic, Nikola"]
[Black "Beukema, Stefan"]
[Result "0-1"]
[WhiteTitle "IM"]
[BlackTitle "FM"]
[WhiteElo "2429"]
[BlackElo "2262"]
[WhiteFideId "934526"]
[BlackFideId "1024523"]
[EventDate "2012.12.21"]

1. e4 c5 2. Nf3 e6 3. c4 Nc6 4. Nc3 Nf6 5. Be2 Be7 6. d4 cxd4 7. Nxd4 O-O 8. O-O
Qc7 9. Be3 a6 10. Rc1 b6 11. Nb3 Bb7 12. f4 d6 13. Bf3 Nd7 14. Nd5 Qd8 15. Nxe7+
Qxe7 16. Nd2 Nc5 17. Qe2 e5 18. f5 Nd4 19. Bxd4 exd4 20. b4 Nd7 21. Nb3 Rfe8 22.
Qf2 d3 23. Qd4 Rac8 24. Qxd3 Bxe4 25. Bxe4 Qxe4 26. Qxd6 Qe3+ 27. Kh1 Ne5 28.
Rce1 Nxc4 29. Qg3 Qxg3 30. hxg3 Ne3 31. Rf4 h5 32. Kg1 Ng4 33. Rxe8+ Rxe8 34.
Kf1 Re5 35. Nd4 Kf8 36. a4 Ke8 37. Nc6 Rxf5 38. Nb8 Rxf4+ 39. gxf4 Ne3+ 40. Ke2
Nxg2 41. Kf3 Ne1+ 42. Ke2 Nc2 43. Nxa6 Kd7 44. Kd3 h4 45. Ke2 g6 46. Kf3 f6 47.
Kg4 g5 48. fxg5 fxg5 49. a5 Nxb4 50. Nxb4 bxa5 51. Nd3 Kd6 52. Nf2 a4 53. Ne4+
Ke6 0-1

[Event "Groningen Open A"]
[Site "Groningen NED"]
[Date "2012.12.29"]
[Round "8.17"]
[White "Pijpers, Arthur"]
[Black "Matnadze, Ana"]
[Result "0-1"]
[BlackTitle "IM"]
[WhiteElo "2351"]
[BlackElo "2401"]
[WhiteFideId "1019554"]
[BlackFideId "13601377"]
[EventDate "2012.12.21"]

1. e4 c5 2. Nf3 d6 3. d4 cxd4 4. Nxd4 Nf6 5. Nc3 Nc6 6. Be2 Nxd4 7. Qxd4 g6 8.
g4 Bg7 9. g5 Nh5 10. Qe3 Be6 11. Bd2 O-O 12. O-O-O Rc8 13. f4 d5 14. exd5 Bxd5
15. Rhf1 Bg2 16. Bxh5 Bxf1 17. Bg4 Bc4 18. Bxc8 Qxc8 19. Qxe7 Re8 20. Qa3 Bd4
21. Qb4 Bg7 22. b3 Be6 23. Nb5 Bf5 24. Bc3 Re4 25. Qa3 Bxc3 26. Nxc3 Re3 27. Qa5
Qxc3 0-1

[Event "Groningen Open A"]
[Site "Groningen NED"]
[Date "2012.12.29"]
[Round "8.21"]
[White "Afek, Yochanan"]
[Black "Maris, Ivo"]
[Result "1/2-1/2"]
[WhiteTitle "IM"]
[WhiteElo "2311"]
[BlackElo "2086"]
[WhiteFideId "2800462"]
[BlackFideId "1028146"]
[EventDate "2012.12.21"]

1. c4 Nf6 2. g3 g6 3. Bg2 d5 4. Nf3 Bg7 5. O-O O-O 6. cxd5 Nxd5 7. Nc3 Nc6 8. d4
Nb6 9. Bf4 Nxd4 10. Nxd4 Qxd4 11. Qxd4 Bxd4 12. Nb5 Bxb2 13. Rab1 Bg7 14. Nxc7
Rb8 15. Nb5 e5 16. Be3 Be6 17. Nxa7 Nd5 18. Bd2 Nf6 19. a4 Bd5 20. Bxd5 Nxd5 21.
Rfc1 e4 22. Rc5 Rfd8 23. Rcb5 Nc7 24. Rxb7 Rxb7 25. Rxb7 Rxd2 26. Rxc7 Rxe2 27.
Nc6 Ra2 28. a5 Bc3 29. Ne7+ Kf8 30. Nxg6+ 1/2-1/2

[Event "Groningen Open A"]
[Site "Groningen NED"]
[Date "2012.12.29"]
[Round "8.22"]
[White "Mostertman, Milan"]
[Black "De Jong, Migchiel"]
[Result "1-0"]
[BlackTitle "IM"]
[WhiteElo "2250"]
[BlackElo "2372"]
[WhiteFideId "1025848"]
[BlackFideId "1002848"]
[EventDate "2012.12.21"]

1. e4 e6 2. d4 d5 3. Nd2 c5 4. exd5 Qxd5 5. Ngf3 cxd4 6. Bc4 Qd6 7. O-O Nf6 8.
Nb3 Nc6 9. Nbxd4 Nxd4 10. Nxd4 a6 11. Re1 Qc7 12. Qe2 Bc5 13. c3 O-O 14. Bg5 Be7
15. Rad1 Re8 16. Bd3 Bd7 17. h4 Rad8 18. h5 Qa5 19. f4 h6 20. Bxf6 Bxf6 21. Qe4
Bxd4+ 22. cxd4 Bc6 23. Qh7+ Kf8 24. f5 Qd5 25. Be4 Qd6 26. Qh8+ Ke7 27. Qxg7 Rg8
28. f6+ Kd7 29. Qxf7+ Kc8 30. Bxc6 1-0

[Event "Groningen Open A"]
[Site "Groningen NED"]
[Date "2012.12.29"]
[Round "8.29"]
[White "Calzetta Ruiz, Monica"]
[Black "Dhar-Barua, Saheli"]
[Result "1-0"]
[WhiteTitle "WGM"]
[BlackTitle "WIM"]
[WhiteElo "2286"]
[BlackElo "2091"]
[WhiteFideId "2204185"]
[BlackFideId "5001331"]
[EventDate "2012.12.21"]

1. e4 e6 2. d4 d5 3. Nd2 Nf6 4. e5 Nfd7 5. Bd3 c5 6. c3 Nc6 7. Ngf3 cxd4 8. cxd4
f6 9. exf6 Nxf6 10. O-O Bd6 11. b3 O-O 12. Bb2 Qb6 13. Ne5 Nxd4 14. Ndc4 dxc4
15. Nxc4 Bxh2+ 16. Kxh2 Qc7+ 17. Kg1 e5 18. Nxe5 Qxe5 19. Bxd4 Qg5 20. Re1 Bg4
21. Qc1 Qh4 22. Re7 Rac8 23. Bc4+ Kh8 24. Qe3 Bd7 25. Re1 Bc6 26. Bxa7 Ra8 27.
Bd4 Rxa2 28. Rxg7 Rxf2 29. Qxf2 Qxf2+ 30. Kxf2 Kxg7 31. Re6 h6 32. g4 Kg6 33.
Kg3 Rf7 34. Bd3+ Kg7 35. Kh4 Bd5 36. Rd6 Bxb3 37. g5 hxg5+ 38. Kxg5 Rc7 39.
Bxf6+ Kf8 40. Bg6 Rc5+ 41. Kh6 Rd5 42. Rb6 Ba4 43. Rxb7 Be8 44. Bg7+ 1-0

[Event "Groningen Open A"]
[Site "Groningen NED"]
[Date "2012.12.29"]
[Round "8.31"]
[White "Lyell, Mark"]
[Black "Grigoryan, Meri"]
[Result "1/2-1/2"]
[WhiteTitle "FM"]
[BlackTitle "WF"]
[WhiteElo "2226"]
[BlackElo "2025"]
[WhiteFideId "402354"]
[BlackFideId "13300571"]
[EventDate "2012.12.21"]

1. e4 e5 2. Nf3 Nf6 3. Nxe5 d6 4. Nf3 Nxe4 5. Nc3 Nf6 6. d4 Be7 7. Bd3 Bg4 8.
Be3 O-O 9. Qd2 Nc6 10. O-O-O Nb4 11. Ne4 Nxd3+ 12. Qxd3 d5 13. Ned2 Bh5 14. Qf5
Qd7 15. Qxd7 Nxd7 16. Bf4 c6 17. Rde1 Rfe8 18. Ne5 Nxe5 19. Rxe5 Bg4 20. Rhe1
Be6 21. R5e3 Bf6 22. Be5 Bxe5 23. Rxe5 Bd7 24. Rxe8+ Rxe8 25. Rxe8+ Bxe8 26. a4
f6 27. a5 b6 28. axb6 axb6 29. c4 Kf7 30. Kc2 Ke6 31. Kc3 Bh5 32. c5 bxc5 33.
dxc5 Ke5 34. Nb3 Ke4 35. Nd4 Be8 36. b4 g6 37. Nc2 h5 38. Nd4 h4 39. Nf3 g5 40.
Nd2+ Ke5 1/2-1/2

[Event "Groningen Open A"]
[Site "Groningen NED"]
[Date "2012.12.29"]
[Round "8.32"]
[White "Umudova, Nargiz"]
[Black "Senders, Mischa"]
[Result "1-0"]
[WhiteTitle "WIM"]
[WhiteElo "2220"]
[BlackElo "1967"]
[WhiteFideId "13402137"]
[BlackFideId "1038370"]
[EventDate "2012.12.21"]

1. e4 c5 2. Nf3 d6 3. d4 cxd4 4. Nxd4 Nf6 5. Nc3 a6 6. Be2 Nbd7 7. f4 g6 8. O-O
Bg7 9. Bf3 O-O 10. Kh1 e5 11. Nb3 Qc7 12. g4 Nb6 13. f5 Rd8 14. g5 Ne8 15. Be3
Bd7 16. Bxb6 Qxb6 17. Nd5 Qa7 18. fxg6 hxg6 19. Bg4 Bf8 20. Qf3 f5 21. gxf6 Kf7
22. Bxd7 Rxd7 23. Qh3 b5 24. Qh7+ Ke6 25. Qxg6 Rf7 26. Qf5# 1-0

[Event "Groningen Open A"]
[Site "Groningen NED"]
[Date "2012.12.29"]
[Round "8.34"]
[White "Von Meijenfeldt, Bart"]
[Black "Vogel, Jaap"]
[Result "0-1"]
[BlackTitle "FM"]
[WhiteElo "2155"]
[BlackElo "2166"]
[WhiteFideId "1032259"]
[BlackFideId "1000764"]
[EventDate "2012.12.21"]

1. b3 e6 2. Bb2 Nf6 3. Nf3 d5 4. e3 Be7 5. Be2 O-O 6. O-O Nbd7 7. c4 b6 8. Qc2
Bb7 9. d3 dxc4 10. bxc4 c5 11. e4 Qc7 12. Nbd2 Rad8 13. Rfe1 Ng4 14. h3 Nge5 15.
Nh2 Bf6 16. Rad1 Nc6 17. Bc1 Bd4 18. Ndf3 f5 19. Nf1 Nde5 20. exf5 Nb4 21. Qd2
Nxf3+ 22. Bxf3 Bxf3 23. gxf3 Rxf5 24. f4 Rdf8 25. Qe2 e5 26. Ng3 R5f6 27. f5 e4
28. Nxe4 Rxf5 29. Be3 Nc6 30. Kg2 Qf7 31. Rf1 Rf3 32. Ng3 h5 33. h4 Be5 34. Bg5
Bd4 35. Be3 Qf6 36. Bg5 Rxf2+ 37. Kh3 Rxe2 38. Bxf6 Re3 39. Bg5 Ref3 40. Kg2
Rf2+ 41. Rxf2 Rxf2+ 42. Kh3 g6 0-1